00631nam a22001457a 4500008004100000082002200041100001900063245012100082260004500203300002200248650001700270942000800287999001500295952017500310210811b ||||| |||| 00| 0 eng d aBSC.ENV CAP NO.47 aSeldon, Dechen aBiomedical waste : A study of knowledge, attitude and practices( KAP) among the health care personal in Thimphu City aThimphu :bRoyal Thimphu College,c2021. avi, 39 p.c29 cm. astudent work 2ddc c8814d8815 00102ddc40708STUDENT WORKaRTCLIBbRTCLIBcSTUDENT WORKd2021-08-11h16129l8m5oBSC.ENV CAP NO.47p30015237r2025-03-25 00:00:00s2025-03-07w2021-08-11ySTUDENT WO